00281nam a2200097Ia 4500008004100000020002400041082002000065100003500085245005300120300001000173210430s9999 xx 000 0 und d a3120-3120-3120-3120 a891.423 B9328 K aSyed Ahmed Shah Pitras Bukhari aKulyaat-e-PitrascSyed Ahmed Shah Pitras Bukhari a496p.